After the Breakup U.S. Telecommunications in a More Competitive Era

Gespeichert in:
Bibliographische Detailangaben
1. Verfasser: Crandall, Robert W.
Format: Buch
Sprache:Englisch
Veröffentlicht: Washington The Brookings Institution 1991
Ausgabe:1. ed.
Schlagworte:
Tags: Tag hinzufügen
Keine Tags, Fügen Sie das erste Tag hinzu!

MARC

LEADER 00000nam a2200000 4500
001 c003026
005 20221214101941.4
020 |a 0-8157-1605-2 
041 0 |a eng 
044 |a US 
245 1 0 |a After the Breakup  |b U.S. Telecommunications in a More Competitive Era  |c Robert W. Crandall 
250 |a 1. ed. 
264 1 |a Washington  |b The Brookings Institution  |c 1991 
300 |a 174 s. 
610 2 0 |a telekomunikácie 
610 2 0 |a telefón 
610 2 0 |a konkurencia 
610 2 0 |a USA 
100 1 |a Crandall, Robert W.